000 00307nam a22001337a 4500
008 170331b xxu||||| |||| 00| 0 eng d
020 _a0560534117
041 _aeng
080 _a616-053.2
100 _a8
101 _aSHM
245 _aPEDIATRIC EMERGENCY MEDICINES SECRETS
_cSEKBST.S.M
942 _2udc
_cBK
999 _c9221
_d9221